Etude des ecosystemes guyanais III. (Registro nro. 12516)
[ vista simple ]
| 000 -CABECERA | |
|---|---|
| Campo de control | 006020000a22001930004500 |
| 090 ## - CLASIFICACIÓN LOCAL | |
| Colección | AR |
| Consecutivo | 03465 |
| 041 0# - IDIOMA | |
| Código de idioma para texto/pista de sonido o título separado | |
| 100 1# - ASIENTO PRINCIPAL--NOMBRE PERSONAL | |
| Nombre personal | Descamps, Marius |
| 245 10 - MENCION DE TITULO | |
| Título | Etude des ecosystemes guyanais III. |
| Version | Acridomorpha dendrophiles (Orthoptera Caelifera) |
| 650 14 - ASIENTO SECUNDARIO DE MATERIA - TERMINO TEMATICO | |
| Término temático o nombre geográfico como elemento de entrada | Entomología |
| 650 14 - ASIENTO SECUNDARIO DE MATERIA - TERMINO TEMATICO | |
| Término temático o nombre geográfico como elemento de entrada | Sistemática |
| 650 14 - ASIENTO SECUNDARIO DE MATERIA - TERMINO TEMATICO | |
| Término temático o nombre geográfico como elemento de entrada | Biogeografía |
| 650 14 - ASIENTO SECUNDARIO DE MATERIA - TERMINO TEMATICO | |
| Término temático o nombre geográfico como elemento de entrada | Taxonomía |
| 650 14 - ASIENTO SECUNDARIO DE MATERIA - TERMINO TEMATICO | |
| Término temático o nombre geográfico como elemento de entrada | Morfología |
| 651 #4 - ASIENTO SECUNDARIO DE MATERIA - NOMBRE GEOGRAFICO | |
| -- | Guyana francesa |
| 653 ## - TERMINO DE INDIZACION - NO CONTROLADO | |
| -- | Acridomorpha |
| -- | Acridomorpha dendrophiles |
| 773 1# - Item fuente: | |
| Título | Annls Soc. Ent. Fr. |
| Descripción física | 3 |
| Paginas del Articulo | 301-349 |
| Lugar, editorial y fecha de publicación | 1978 |
| Información sobre la relación | 14 |
| 942 ## - ELEMENTOS ADICIONALES (KOHA) | |
| Tipo de ítem | Artículo |
| Withdrawn status | Lost status | Damaged status | No para préstamo | Colección | Ubicación Permanente | Ubicación actual | Fecha de adquisición | Datos de publicación Seriada | Total Checkouts | Número topográfico | Inventario / Código de Barras | Date last seen | Price effective from | Forma de adquisición | Tipo de material |
|---|---|---|---|---|---|---|---|---|---|---|---|---|---|---|---|
| No para Préstamo | Hemeroteca | Bogotá | Bogotá | 27/02/2015 | Fuera de circulación | AR 03465 | 014369 | 25/03/2015 | 25/03/2015 | Artículo |